Los crímenes de la economía: un análisis criminológico del pensamiento económico (Registro nro. 12717)
[ vista simple ]
| 000 -Cabecera | |
|---|---|
| Campo de control de longitud fija | 00929nam a22003497a 4500 |
| 005 - Fecha y hora de la última transacción | |
| Campo de control | 20260227154256.0 |
| 008 - Elementos de longitud fija--Información general | |
| Campo de control de longitud fija | 200908b2018 xxu||||| |||| 00| 0 spa d |
| 020 ## - International Standard Book Number | |
| Número Internacional Estándar del Libro (ISBN) | 9788491234487 |
| 041 ## - Idioma | |
| Código de idioma | Español |
| 082 ## - Clasificación Decimal Dewey | |
| Número de clasificación | 364 R931c |
| 100 ## - Entrada principal--Autor personal | |
| Nombre personal | Ruggiero, Vincenzo |
| 9 (RLIN) | 58421 |
| 245 ## - Título propiamente dicho | |
| Título | Los crímenes de la economía: un análisis criminológico del pensamiento económico |
| 260 ## - Pie de imprenta | |
| Lugar de publicación, distribución, etc. | España |
| 260 ## - Pie de imprenta | |
| Nombre del editor, distribuidor, etc. | Marcial pons |
| 260 ## - Pie de imprenta | |
| Fecha de publicación, distribución, etc. | 2018 |
| 300 ## - Descripción física | |
| Extensión | 223 páginas |
| 490 ## - Serie | |
| Título de la Serie | Investigación Criminal |
| 650 ## - Materia general | |
| Temática (materia general) | SOCIOLOGÍA CRIMINAL |
| 650 ## - Materia general | |
| Temática (materia general) | PENSAMIENTO ECONÓMICO |
| 650 ## - Materia general | |
| Temática (materia general) | RAZAS MONSTRUOSAS |
| 650 ## - Materia general | |
| Temática (materia general) | DERECHO DE DOMINACIÓN |
| 650 ## - Materia general | |
| Temática (materia general) | ANÁLISIS CRIMINOLÓGICO |
| 650 ## - Materia general | |
| Temática (materia general) | RURALISMO MÍTICO |
| 650 ## - Materia general | |
| Temática (materia general) | EUGENESIA |
| 650 ## - Materia general | |
| Temática (materia general) | DELINCUENCIA |
| 650 ## - Materia general | |
| Temática (materia general) | NEOLIBERALISMO |
| 650 ## - Materia general | |
| Temática (materia general) | ECOCIDIO |
| 650 ## - Materia general | |
| Temática (materia general) | NEGOCIO |
| 650 ## - Materia general | |
| Temática (materia general) | GUERRA |
| 650 ## - Materia general | |
| Temática (materia general) | CRIMEN |
| 942 ## - Punto de acceso adicional KOHA | |
| Tipo de ítem KOHA | Libro |
| Fuente del sistema de clasificación o colocación | Dewey Decimal Classification |
| Signatura completa | Código de barras | Programa Académico | Tipo de ítem |
|---|---|---|---|
| 364 R931c | 24993 | Investigación Criminal | Libro |